000 01065nam a2200265Ia 4500
003 OSt
005 20221005105219.0
006 a|||||r|||| 00| 0
007 ta
008 221004b |||||||| |||| 00| 0 hin d
020 _a978938516698 (hbk)
_cINR 1400.00
024 _a43649
037 _b273, 09/02/2019, Eastern Book Linkers
_cTextual
040 _aCRL
_cCRL
_bhin
041 _2hin
_ahin
082 _aND44,C9(Q4), 152Q8
100 _aजमाल, रिज़वान
245 0 _aशुंग - कुषाण कालीन स्तूपों में अंकित कथा - दृश्य
246 _aShuanga - kuṣhāṇ kālīn stūpoan mean aankit kathā - dṛushya
260 _aनई दिल्ली
_bआयु पब्लिकेशन्स भारत
_c2018
300 _a316पृ0
_ccm.
650 _aललित कला
_9156314
942 _hND44,C9(Q4), 152Q8
_cTEXL
_2cc
999 _c1015145
_d1015145